000
00289nam a22001337a 4500
008
180220b xxu||||| |||| 00| 0 eng d
020
_a
2900321819313
041
_a
eng
080
_2
4 ed
_a
579
100
_a
11
101
_a
bio
245
_a
microbiology
_c
robert.w.b
942
_2
udc
_c
BK
999
_c
42878
_d
42878